| 000 | 00432nab a2200145Ia 4500 | ||
|---|---|---|---|
| 003 | ES-SlBCS | ||
| 005 | 20210601124937.0 | ||
| 008 | 140529s1972 xxu||||| |||| 00| 0 eng d | ||
| 041 | _aeng | ||
| 100 | 1 |
_aFarrell, B. A. _9151725 |
|
| 245 | 0 | 0 |
_aClothing the Freudian Model in a Fashionable Dress _c B. A. Farrell |
| 600 | 0 | 4 |
_aFreud-Ropa _9151726 |
| 773 | 0 |
_tMonist, the _gvol. 56, nº. 3, 1972, págs. 343-360 _wRev1667 |
|
| 942 | _cAR | ||
| 999 |
_c522121 _d522121 |
||